[Event "ARG-ch U16"]
[Site "Villa Martelli"]
[Date "2018.02.09"]
[Round "2.2"]
[White "Suarez, Mauricio Josue"]
[Black "Biscaro, Nehuen"]
[Result "1-0"]
[WhiteElo "2063"]
[BlackElo "1665"]
[PlyCount "47"]
[EventDate "2018.02.09"]
[EventType "swiss"]
[EventRounds "9"]
[EventCountry "ARG"]
[SourceTitle "EXT 2024"]
[Source "ChessBase"]
[SourceDate "2023.10.10"]
[SourceVersion "1"]
[SourceVersionDate "2023.10.10"]
[SourceQuality "1"]

1. e4 c5 2. Nf3 d6 3. d4 cxd4 4. Nxd4 Nf6 5. Nc3 e5 6. Bb5+ Bd7 7. Bxd7+ Nbxd7 8. Nf5 Nc5 9. Bg5 g6 10. Ne3 h6 11. Bxf6 Qxf6 12. 0-0 0-0-0 13. b4 Ne6 14. Ncd5 Qg5 15. a4 h5 16. a5 Nf4 17. a6 h4 18. axb7+ Kxb7 19. Rxa7+ Kxa7 20. Qa1+ Kb7 21. Qa5 Ne6 22. Qb6+ Kc8 23. Qc6+ Kb8 24. Ra1 1-0